000 00568nam a2200229Ia 4500
003 OSt
005 20221006165051.0
006 a|||||r|||| 00| 0
007 ta
008 221006b |||||||| |||| 00| 0 eng d
024 _a847
037 _cTextual
040 _aFML
_cFML
_beng
041 _2eng
_aeng
082 _aY:1.46, K4
100 _aGray John Au.
_9625185
245 0 _aCannanites
260 _aLondon
_bThames and Hudson
_c1964
300 _a244
_ccm.
942 _hY:1.46, K4
_cTEXL
_2CC
999 _c1119478
_d1119478